Minecraft Loot: Village Weaponsmith - Statistics

General Stats
  • This quiz has been taken 13 times
    9 since last reset
  • The average score is 16 of 21
Answer Stats
Pool Item Stack Size Weight % Correct
1(3-8) Diamond 1-3 2.8%
100%
1(3-8) Iron Boots 1 4.7%
100%
1(3-8) Iron Chestplate 1 4.7%
100%
1(3-8) Iron Helmet 1 4.7%
100%
1(3-8) Iron Ingot 1-5 9.3%
100%
1(3-8) Iron Leggings 1 4.7%
100%
1(3-8) Iron Pickaxe 1 4.7%
100%
1(3-8) Iron Sword 1 4.7%
100%
1(3-8) Obsidian 3-7 4.7%
100%
1(3-8) Gold Ingot 1-3 4.7%
86%
1(3-8) Apple 1-3 14%
57%
1(3-8) Bread 1-3 14%
57%
1(3-8) Copper Horse Armor 1 0.9%
57%
1(3-8) Diamond Horse Armor 1 0.9%
57%
1(3-8) Golden Horse Armor 1 0.9%
57%
1(3-8) Iron Horse Armor 1 0.9%
57%
1(3-8) Iron Spear 1 4.7%
57%
1(3-8) Oak Sapling 3-7 4.7%
57%
2(1) Bundle 1 33%
43%
1(3-8) Copper Spear 1 6.5%
43%
1(3-8) Saddle 1 2.8%
43%
No matching quizzes found
Score Distribution
Percent of People with Each Score
Percentile by Number Answered
Your Score History
You have not taken this quiz since the last reset